000 01012nam a22002417a 4500
003 BPGM
008 260618n mx ao||g |||| 001 0 spa d
040 _bspa
041 _aspa
_hspa
082 0 4 _2907
_aN53
100 _aNIETO RAMIREZ, JAIME
245 _aSIERRA GORDA DE QUERETARO
_bLA TIERRA Y EL HOMBRE
250 _aPRIMERA EDICION
260 _aMEXICO
_bUNIVERSIDAD AUTONOMA DE QUERETARO
300 _a404 paginas
_c21.2 cm x 17 cm
336 _2rdacontent
_atexto
_btxt
337 _2rdamedia
_asin mediación
_bn
338 _2rdacarrier
_avolumen
_bnc
505 _aes una obra que combina historia, geografía y antropología para mostrar la riqueza natural y cultural de la Sierra Gorda queretana. Presenta cómo el entorno físico montañas, ríos, bosques y cañones ha moldeado la vida de sus habitantes, desde comunidades indígenas hasta pobladores contemporáneos.
650 _2GEOGRAFÍA E HISTORIA
650 _2EDUCACIÓN, INVESTIGACIÓN, TEMAS RELACIONADOS
942 _2ddc
_cCOLQ
999 _c68626
_d68626